Harvard business reviews : implementing marketingstrategies part II
| Format: | Book |
|---|---|
| Published: |
Boston :
Harvard Business School ,
1984
|
| Subjects: |
MARC
| LEADER | 00000cam a2200000 7i4500 | ||
|---|---|---|---|
| 001 | 0000002062 | ||
| 002 | 000002253 | ||
| 005 | 20000330.0 | ||
| 020 | |a 0867352620 | ||
| 090 | 0 | 0 | |a 658.8 |b HAR |
| 245 | 0 | 0 | |a Harvard business reviews : |b implementing marketingstrategies part II |
| 260 | |a Boston : |b Harvard Business School , |c 1984 | ||
| 300 | |a 102p. ; |c 28cm. | ||
| 650 | 0 | 0 | |a Marketing |
| 999 | |a 020473 |b BUKU |c RUJUKAN |e PERPUSTAKAAN KOMUNITI PETALING JAYA | ||